How To Develop Self-Confidence & Influence People By Public Speaking/ (Record no. 195862)

MARC details
000 -LEADER
fixed length control field 00641nam a22001937a 4500
005 - DATE AND TIME OF LATEST TRANSACTION
control field 20241011145206.0
010 ## - LCCN (DPL NO)
LC control number ENG-136776 ENG-142141
020 ## - INTERNATIONAL STANDARD BOOK NUMBER
International Standard Book Number 9789357943277
Terms of availability 295.00
035 ## - SYSTEM CONTROL NUMBER
System control number EN-120308
035 ## - SYSTEM CONTROL NUMBER
System control number EN-125673
037 ## - SOURCE OF ACQUISITION
Source of stock number/acquisition DBAD/PUB
082 ## - DEWEY DECIMAL CLASSIFICATION NUMBER
Classification number 158.1
100 ## - MAIN ENTRY--PERSONAL NAME
Personal name Carnegie, Dale
245 ## - TITLE STATEMENT
Title How To Develop Self-Confidence & Influence People By Public Speaking/
Statement of responsibility, etc By Dale Carnegie
260 ## - PUBLICATION, DISTRIBUTION, ETC. (IMPRINT)
Place of publication, distribution, etc New Delhi
Name of publisher, distributor, etc V & S Publishers
270 ## - ADDRESS
Address F-2/16, Ansari Road, Daryaganj
City New Delhi
Postal code 110002
Telephone number 23240026,27,28
Electronic mail address info@vspublishers.com
300 ## - PHYSICAL DESCRIPTION
Extent 190p.
Dimensions 21m(pbk)
942 ## - ADDED ENTRY ELEMENTS (KOHA)
Source of classification or shelving scheme Dewey Decimal Classification
Item type English Books
Classification part 158.1
Call number suffix CAR
Holdings
Withdrawn status Lost status Not for loan Collection code Home library Current library Date acquired Source of acquisition Cost, normal purchase price Full call number Barcode Copy number Cost, replacement price Koha item type
      Non-fiction Sarojini Nagar Sarojini Nagar 11/10/2024 Delivery of Books Act Division 295.00 158.1 CAR EN-125673 1 295.00 English Books
      Non-fiction Shahdara Branch Shahdara Branch 04/05/2023 DBAD/PUB 295.00 158.1 CAR EN-120308 1 295.00 English Books

© Delhi Public Library
Hit Counter
free hit counter